|
|
|
|
| LEADER |
00000naa2a2200000 4500 |
| 001 |
129624 |
| 005 |
20231031133636.0 |
| 035 |
|
|
|a (RuTPU)RU\TPU\book\140311
|
| 090 |
|
|
|a 129624
|
| 100 |
|
|
|a 20080125d2005 k y0rusy50 ca
|
| 101 |
0 |
|
|a rus
|
| 102 |
|
|
|a RU
|
| 200 |
1 |
|
|a Эффективность электропотребления в Томском политехническом университете
|f А. Е. Алёхин, Е. В. Богданова
|
| 320 |
|
|
|a Библиогр.: 4 назв.
|
| 463 |
|
0 |
|0 (RuTPU)RU\TPU\book\117436
|t Энергоэффективность, энергосбережение и энергетическая безопасность регионов России
|o VI Всероссийское совещание , 16-17 ноября 2005 г., Томск
|o материалы докладов
|f Томский политехнический университет; под ред. В. Я. Ушакова
|v С. 50-55
|d 2005
|p 125 с.
|
| 610 |
1 |
|
|a энергопотребление
|
| 610 |
1 |
|
|a электропотребление
|
| 610 |
1 |
|
|a эффективность
|
| 610 |
1 |
|
|a электроснабжение
|
| 610 |
1 |
|
|a энергосбережение
|
| 610 |
1 |
|
|a вузы
|
| 610 |
1 |
|
|a образовательные учреждения
|
| 610 |
1 |
|
|a Томский политехнический университет
|
| 610 |
1 |
|
|a энергоаудит
|
| 610 |
1 |
|
|a подготовка специалистов
|
| 610 |
1 |
|
|a потребление электроэнергии
|
| 610 |
1 |
|
|a труды учёных ТПУ
|
| 700 |
|
1 |
|a Алёхин
|b А. Е.
|
| 701 |
|
1 |
|a Богданова
|b Е. В.
|c ведущий инженер
|c Региональный учебно-научно-технологический центр ресурсосбережения Томского политехнического университета
|g Елена Васильевна
|2 stltpush
|3 (RuTPU)RU\TPU\pers\26034
|
| 801 |
|
1 |
|a RU
|b 63413507
|c 20080125
|g PSBO
|
| 801 |
|
2 |
|a RU
|b 63413507
|c 20131212
|g RCR
|
| 942 |
|
|
|c BK
|